00864 a2200205 4500003000500000005001700005010001600022020003300038040000900071082001600080100001600096245009800112260004400210300003500254440006900289505014500358650003200503650003400535856008900569Nust20230908083939.0 a 99010490 c0849320690 (acid-free paper) cNust00a629.836,KAR1 aKarr, C. L.10aPractical applications of computational intelligence for adaptive control /cCharles L. Karr. aBoca Raton [Fla.] :bCRC Press,cc1999. a[xv], 254 p. :bill. ;c25 cm. 4aThe CRC Press international series on computational intelligence aPart 1: Fuzzy Systems (Page-1), Part 2: Genetic Algorithms (Page-53), Part 3: Computer Modeling (Page-121), Part 4: Applications (Page-165). 0aComputational intelligence. 0aTelecommunication engineering423Publisher descriptionuhttp://www.loc.gov/catdir/enhancements/fy0646/99010490-d.html